000 00883cam a2200289 i 4500
001 1824097
003 OSt
005 20230629141651.0
008 791004s1979 ii cf 001 0 eng
010 _a 79901799
_z 79124842
020 _cRs120.00 per set.
040 _aDLC
_cDLC
_dDLC
043 _aa-ii---
082 0 0 _a343.04
_bROW
110 1 _aIndia.
240 1 0 _aLand Acquisition Act, 1894
245 0 4 _aThe law of land acquisition and compensation /
_cV. G. Ramachandran.
250 _a6th ed.
260 _aLucknow :
_bEastern Book Co.,
_c1979.
300 _a2 v. (xxiv, 1883 p., [1] leaf of plates) :
_bport. ;
_c25 cm.
500 _aIncludes index.
650 0 _aEminent domain
_zIndia.
700 1 _aRamachandran, V. G.
_q(Velandai Gopalayyar)
906 _a7
_bcbc
_corignew
_d3
_encip
_f19
_gy-gencatlg
942 _2ddc
_cBK
999 _c3106
_d3106